A normalitás határai. {Granitele normalitati}. [The frontiers of the normality]
Elmentve itt :
| Szerző: | |
|---|---|
| Adatforrás: | Meister |
| Forrásdokumentuma: | Korunk. - 2001. 8, 3-4. |
| Nyelv: | magyar |
| Kulcsszavak: | jegyzet szexualitás perverzió nota sexualitate perversitate note sexuality perversity FOUCOULT Michel CLAVREUL Jean |
| LEADER | 00614nab a2200241 i 4500 | ||
|---|---|---|---|
| 001 | bibPRO00010690 | ||
| 008 | 080908s2001 xx hun | ||
| 040 | |a Sz1 | ||
| 041 | |a hun | ||
| 100 | 1 | |a B. I. J. | |
| 245 | 1 | 2 | |a A normalitás határai. {Granitele normalitati}. [The frontiers of the normality] |c B. I. J. |
| 695 | |a jegyzet | ||
| 695 | |a szexualitás | ||
| 695 | |a perverzió | ||
| 695 | |a nota | ||
| 695 | |a sexualitate | ||
| 695 | |a perversitate | ||
| 695 | |a note | ||
| 695 | |a sexuality | ||
| 695 | |a perversity | ||
| 695 | |a FOUCOULT Michel | ||
| 695 | |a CLAVREUL Jean | ||
| 773 | 0 | |t Korunk. - |g 2001. 8, 3-4. | |